000 00636nam a2200241 a 4500
001 nice12345678
003 IN_TiNIC
005 20260116012400.0
008 050524s1978 orea grp 000 0 eng
020 _a
_c100
082 0 0 _a225.5208
_bLED
100 _aLedyard, Gleason H
245 _aNew Life Study Testament
260 _aOregon
_bChristian Literature International
_c1978
300 _a533p
500 _aincludes index and biblioraphy
505 2 _aGlossary, Bibliography and index
650 _aBible N.T. Study and Teaching
700 1 _aLedyard, Gleason H
902 _bSRS
942 _cBK
999 _c6790
_d6790